Tác giả trong nhà trường : Huy Cận

Nội dung nêu lên được một vài nét chấm phá về văn nghiệp của một số tác giả tiêu biểu trong nền văn học Việt Nam nhằm đáp ứng nhu cầu độc giả phổ thông, đặc biệt giáo viên và học sinh.

Guardado en:
Detalles Bibliográficos
Formato: Libro
Lenguaje:Undetermined
Publicado: Văn Học 2007
Materias:
Etiquetas: Agregar Etiqueta
Sin Etiquetas, Sea el primero en etiquetar este registro!
Thư viện lưu trữ: Trung tâm Học liệu Trường Đại học Cần Thơ
LEADER 00860nam a2200193Ia 4500
001 CTU_128180
008 210402s9999 xx 000 0 und d
020 |c 31000 
082 |a 895.9221009 
082 |b T101 
245 0 |a Tác giả trong nhà trường : 
245 0 |b Huy Cận 
260 |a Văn Học 
260 |b 2007 
520 |a Nội dung nêu lên được một vài nét chấm phá về văn nghiệp của một số tác giả tiêu biểu trong nền văn học Việt Nam nhằm đáp ứng nhu cầu độc giả phổ thông, đặc biệt giáo viên và học sinh. 
650 |a Vietnamese poetry,Văn học Việt Nam 
650 |x History and criticism,Lịch sử và phê bình 
904 |i Tuyến 
980 |a Trung tâm Học liệu Trường Đại học Cần Thơ